| 000 | 00841cab a22002295a 4500 | ||
|---|---|---|---|
| 001 | L154831 | ||
| 008 | 120123e20120120xxk f 000 0 eng d | ||
| 035 | _a(Sirsi) u154831 | ||
| 041 | 0 | _aeng | |
| 100 | 1 | _aWright, Emily | |
| 245 | 0 | 4 | _aThe multimillion euro question |
| 260 | _c2012 | ||
| 490 |
_aBuilding _v277 (8711) 20 January 2012, 36-38(3) |
||
| 520 | _aExamines what happens to contracts written in euros; asks what happens if the single currency fails. Most European companies have some contracts written in euros; asks how real is the risk; the contingency; views from an international construction law expert and a German law firm. | ||
| 590 | _aKA | ||
| 651 | 4 | _aEurope | |
| 690 |
_aContracts _96232 |
||
| 690 |
_aConstruction management _96230 |
||
| 700 | 1 | _aHelps, Dominic | |
| 700 | 1 | _aEverding, Martin | |
| 942 | _n0 | ||
| 999 |
_c83723 _d83723 |
||